000 00322nam a22001457a 4500
999 _c54948
_d54948
008 190927b ||||| |||| 00| 0 eng d
020 _a9780071791991
041 _aeng
080 _a658.8
082 _a658.8
100 _a60
101 _aSHIT
245 _aWinning the Battle for Sales
_cGolden,J
942 _2udc
_cBK